Effect of irrigation on the growth of rubber tree under nursery conditions (Record no. 45783)

MARC details
000 -LEADER
fixed length control field 00461nam a2200157Ia 4500
100 ## - MAIN ENTRY--AUTHOR NAME
Personal name Leite Jose Americo
245 #0 - TITLE STATEMENT
Title Effect of irrigation on the growth of rubber tree under nursery conditions
260 ## - PUBLICATION, DISTRIBUTION, ETC. (IMPRINT)
Name of publisher Pesquisa Agropecuaria Brasileira
Year of publication 1985
300 ## - PHYSICAL DESCRIPTION
Number of Pages 683-692
650 ## - SUBJECT ADDED ENTRY--TOPICAL TERM
Topical Term Fertilization
650 ## - SUBJECT ADDED ENTRY--TOPICAL TERM
Topical Term Hevea spp.
650 ## - SUBJECT ADDED ENTRY--TOPICAL TERM
Topical Term Stem diameter
700 ## - ADDED ENTRY--PERSONAL NAME
Personal name Medina Benjamin Fernandez
942 ## - ADDED ENTRY ELEMENTS (KOHA)
Koha item type Reprints
Holdings
Withdrawn status Lost status Damaged status Not for loan Home library Current library Date acquired Serial Enumeration / chronology Koha item type
      Reprints RRII Library RRII Library 22/12/2021 Volume 20, Issue 6 Reprints